<?xml version="1.0" encoding="UTF-8"?>
<record
    xmlns:xsi="http://www.w3.org/2001/XMLSchema-instance"
    xsi:schemaLocation="http://www.loc.gov/MARC21/slim http://www.loc.gov/standards/marcxml/schema/MARC21slim.xsd"
    xmlns="http://www.loc.gov/MARC21/slim">

  <leader>03943nam a2200469Ii 4500</leader>
  <controlfield tag="001">DIGIBE0030</controlfield>
  <controlfield tag="003">NyNyDIG</controlfield>
  <controlfield tag="008">140701s2012    sp      o     000 0 spa d</controlfield>
  <controlfield tag="006">m     o  d        </controlfield>
  <controlfield tag="007">cr |||||||||||</controlfield>
  <datafield tag="020" ind1=" " ind2=" ">
    <subfield code="a">9783954870165</subfield>
    <subfield code="q">(eBook)</subfield>
  </datafield>
  <datafield tag="020" ind1=" " ind2=" ">
    <subfield code="z">9788484896760</subfield>
    <subfield code="q">(Iberoamericana)</subfield>
  </datafield>
  <datafield tag="020" ind1=" " ind2=" ">
    <subfield code="z">8484896765</subfield>
    <subfield code="q">(Iberoamericana)</subfield>
  </datafield>
  <datafield tag="020" ind1=" " ind2=" ">
    <subfield code="z">9783865277251</subfield>
    <subfield code="q">(Vervuert)</subfield>
  </datafield>
  <datafield tag="020" ind1=" " ind2=" ">
    <subfield code="z">386527725X</subfield>
    <subfield code="q">(Vervuert)</subfield>
  </datafield>
  <datafield tag="035" ind1=" " ind2=" ">
    <subfield code="a">(OCoLC)891306108</subfield>
  </datafield>
  <datafield tag="040" ind1=" " ind2=" ">
    <subfield code="a">DGITA</subfield>
    <subfield code="b">eng</subfield>
    <subfield code="e">rda</subfield>
    <subfield code="e">pn</subfield>
    <subfield code="c">DGITA</subfield>
  </datafield>
  <datafield tag="043" ind1=" " ind2=" ">
    <subfield code="a">cl-----</subfield>
  </datafield>
  <datafield tag="050" ind1="1" ind2="4">
    <subfield code="a">PQ7081.5 eBook</subfield>
  </datafield>
  <datafield tag="245" ind1="0" ind2="0">
    <subfield code="a">Retomando la palabra :</subfield>
    <subfield code="b">las pioneras del XIX en di&#xE1;logo con la cr&#xED;tica contempor&#xE1;nea /</subfield>
    <subfield code="c">Claire Emile Martin y Mar&#xED;a Nelly Goswitz (eds.).</subfield>
  </datafield>
  <datafield tag="264" ind1=" " ind2="1">
    <subfield code="a">Madrid :</subfield>
    <subfield code="b">Iberoamericana ;</subfield>
    <subfield code="a">Frankfurt am Main :</subfield>
    <subfield code="b">Vervuert,</subfield>
    <subfield code="c">2012.</subfield>
  </datafield>
  <datafield tag="300" ind1=" " ind2=" ">
    <subfield code="a">1 online resource (323 pages).</subfield>
  </datafield>
  <datafield tag="336" ind1=" " ind2=" ">
    <subfield code="a">text</subfield>
    <subfield code="b">txt</subfield>
    <subfield code="2">rdacontent</subfield>
  </datafield>
  <datafield tag="337" ind1=" " ind2=" ">
    <subfield code="a">computer</subfield>
    <subfield code="b">c</subfield>
    <subfield code="2">rdamedia</subfield>
  </datafield>
  <datafield tag="338" ind1=" " ind2=" ">
    <subfield code="a">online resource</subfield>
    <subfield code="b">cr</subfield>
    <subfield code="2">rdacarrier</subfield>
  </datafield>
  <datafield tag="490" ind1="1" ind2=" ">
    <subfield code="a">Juego de dados.</subfield>
    <subfield code="a">Latinoam&#xE9;rica y su cultura en el XIX ;</subfield>
    <subfield code="v">1</subfield>
  </datafield>
  <datafield tag="504" ind1=" " ind2=" ">
    <subfield code="a">Includes bibliographical references.</subfield>
  </datafield>
  <datafield tag="505" ind1="0" ind2=" ">
    <subfield code="a">Hacia una (re)conceptualizaci&#xF3;n del texto decimon&#xF3;nico femenino / Claire Emilie Martin y Mar&#xED;a Nelly Goswitz -- Viaje de recreo (1909) de Clorinda Matto de Turner: reevaluaci&#xF3;n cr&#xED;tica de la relevancia de la cultura europea para Am&#xE9;rica / Mary Berg -- "Time is money": la literatura de viaje, la mujer moderna, y el contra-canon en Recuerdos de viaje (1882) de Eduarda Mansilla / J.P. Spicer-Escalante -- "My Dear Mrs. Mann": las cartas de Juana Paula Manso a Mary Tyler Peabody Mann y la educaci&#xF3;n de la mujer en Am&#xE9;rica / Claire Emilie Martin -- Re-presentar la naci&#xF3;n: Pablo, ou la vie dans les pampas de Eduarda Mansilla / Mar&#xED;a Cristina Arambel Gui&#xF1;az&#xFA; -- Escritura femenina y discurso b&#xE9;lico en el Per&#xFA; decimon&#xF3;nico: h&#xE9;roes y hero&#xED;nas en la obra de Teresa Gonz&#xE1;lez de Fanning y Mercedes Cabello de Carbonera / M&#xF3;nica C&#xE1;rdenas Moreno -- Alteridad, ciudadan&#xED;a y pol&#xED;tica nacional en el periodismo femenino argentino / Vanesa Mar&#xED;a Landrus -- Tensiones heterog&#xE9;neas: una redefinici&#xF3;n de lo subalterno en Sab y Aves sin nido / Ruth Brown -- "Es mucho hombre esta mujer": una lectura queer de Teresa en Sab / Betsy Dahms -- Cartograf&#xED;as de la intimidad en Mi Manuel de Adriana Gonz&#xE1;lez Prada / Ana Peluffo -- Fluctuaciones corporales en las cartas de Carmen Arraigada / Jorge S&#xE1;nchez S&#xE1;nchez -- La posicionalidad del traductor en tres versiones al ingl&#xE9;s de la novela Aves sin niso de Clorinda Matto de Turner / Fanny Arango-Keeth -- Del XXI al XIX: descodificando el trazo femenino en la novela Los amores de Hortensia / Mar&#xED;a Nelly Goswitz -- El archivo perdido: las memorias de Mercedes Merlin y el arte de la fuga / Adriana M&#xE9;ndez Rodenas -- Soledad Acosta de Samper y el papel de la mujer intelectual colombiana en la historia literaria y sociopol&#xED;tica del siglo XIX / Luisa Ballesteros Rosas -- Adela Zamudio y la cr&#xED;tica literaria en Bolivia / Mar&#xED;a Elva Echenique.</subfield>
  </datafield>
  <datafield tag="588" ind1="0" ind2=" ">
    <subfield code="a">Online resource; title from ePub and PDF title page (Digitalia, viewed July 5, 2014)</subfield>
  </datafield>
  <datafield tag="650" ind1=" " ind2="0">
    <subfield code="a">Latin American literature</subfield>
    <subfield code="x">Women authors</subfield>
    <subfield code="x">History and criticism.</subfield>
  </datafield>
  <datafield tag="650" ind1=" " ind2="0">
    <subfield code="a">Latin American literature</subfield>
    <subfield code="y">19th century</subfield>
    <subfield code="x">History and criticism.</subfield>
  </datafield>
  <datafield tag="655" ind1=" " ind2="0">
    <subfield code="a">Electronic books.</subfield>
  </datafield>
  <datafield tag="700" ind1="1" ind2=" ">
    <subfield code="a">Martin, Claire Emilie,</subfield>
    <subfield code="e">editor.</subfield>
  </datafield>
  <datafield tag="700" ind1="1" ind2=" ">
    <subfield code="a">Goswitz. Mar&#xED;a Nelly,</subfield>
    <subfield code="e">editor.</subfield>
  </datafield>
  <datafield tag="791" ind1="2" ind2=" ">
    <subfield code="a">Digitalia (Firm),</subfield>
    <subfield code="e">distributor.</subfield>
  </datafield>
  <datafield tag="793" ind1="0" ind2=" ">
    <subfield code="g">Digitalia eBook Collection:</subfield>
    <subfield code="a">Iberoamericana/Vervuert.</subfield>
  </datafield>
  <datafield tag="776" ind1="0" ind2="8">
    <subfield code="i">Print version:</subfield>
    <subfield code="t">Retomando la palabra : las pioneras del XIX en di&#xE1;logo con la cr&#xED;tica contempor&#xE1;nea.</subfield>
    <subfield code="d">Madrid : Iberoamericana ; Frankfurt am Main : Vervuert, 2012</subfield>
    <subfield code="z">9788484896760</subfield>
    <subfield code="w">(OCoLC)820786468</subfield>
  </datafield>
  <datafield tag="830" ind1=" " ind2="0">
    <subfield code="a">Juego de dados (Madrid, Spain) ;</subfield>
    <subfield code="v"> 1.</subfield>
  </datafield>
  <datafield tag="856" ind1="4" ind2="0">
    <subfield code="3">Digitalia Hisp&#xE1;nica</subfield>
    <subfield code="u">https://www.digitaliapublishing.com/a/23436/</subfield>
  </datafield>
  <datafield tag="910" ind1=" " ind2=" ">
    <subfield code="a">Premium Collection: 2013</subfield>
  </datafield>
  <datafield tag="942" ind1=" " ind2=" ">
    <subfield code="c">RAA</subfield>
  </datafield>
  <datafield tag="952" ind1=" " ind2=" ">
    <subfield code="0">0</subfield>
    <subfield code="1">0</subfield>
    <subfield code="4">0</subfield>
    <subfield code="7">0</subfield>
    <subfield code="8">DEH</subfield>
    <subfield code="a">BD-UIN</subfield>
    <subfield code="b">BD-UIN</subfield>
    <subfield code="d">2025-04-25</subfield>
    <subfield code="l">0</subfield>
    <subfield code="r">2025-04-25</subfield>
    <subfield code="w">2025-04-25</subfield>
    <subfield code="y">RAA</subfield>
  </datafield>
  <datafield tag="999" ind1=" " ind2=" ">
    <subfield code="c">237685</subfield>
    <subfield code="d">237685</subfield>
  </datafield>
</record>
